00727nam a2200193 4500999001700000008004100017020001800058020001500076040000900091050002400100100002900124245005700153260005400210300002600264440004000290504004300330942003400373952012600407 c30597d30597191125b ||||| |||| 00| 0 eng d a9780521429504 a0521429501 aMksu aQA278.2 b.H37 1990 aHärdle Wolfgang d1990 aApplied nonparametric regression/cWolfgang Härdle aCambridge : bCambridge University Press, c1999. axv, 333 p. ; c23 cm. aEconometric Society monographs, 19. aInclude Bibliographical Ref. and index 2lcccBOOKShQA278.2 .H37 1990 00102lcc4070aMUCbMUCcGENd2019-11-25eco-operate campusl0oQA278.2 .H37 1990p23150r2019-11-25w2019-11-25yBOOKS